EMBRYOLOGY TEXT & ATLAS (Record no. 14937)

MARC details
000 -LEADER
fixed length control field 00326nam a22001457a 4500
003 - CONTROL NUMBER IDENTIFIER
control field SGT
020 ## - INTERNATIONAL STANDARD BOOK NUMBER
International Standard Book Number 978-93-8669-109-5
082 ## - DEWEY DECIMAL CLASSIFICATION NUMBER
Classification number 611.03
Item number E17K
100 ## - MAIN ENTRY--PERSONAL NAME
Personal name KUMAR,BRIJESH.
245 ## - TITLE STATEMENT
Title EMBRYOLOGY TEXT & ATLAS
260 ## - PUBLICATION, DISTRIBUTION, ETC. (IMPRINT)
Place of publication, distribution, etc NEW DELHI
Name of publisher, distributor, etc WOLTERS KLUWER
Year of Publication 2017
300 ## - PAGE DESCRIPTION
No. of Pages 278
650 ## - SUBJECT ADDED ENTRY--TOPICAL TERM
Topical term or geographic name as entry element AYURVEDA
942 ## - ADDED ENTRY ELEMENTS (KOHA)
Source of classification or shelving scheme Dewey Decimal Classification
Koha item type Books
942 ## - ADDED ENTRY ELEMENTS (KOHA)
-- 17
Holdings
Withdrawn status Lost status Source of classification or shelving scheme Damaged status Not for loan Collection code Home library Current library Shelving location Date acquired Vendor Name Cost, normal purchase price SGTU Bill Number Total Checkouts Full call number Accession No. (Barcode) Date last seen Date last borrowed Bill Date Koha item type
    Dewey Decimal Classification     AYURVEDA SGT FA-FP Library SGT FA-FP Library Text Book 31/01/2018 AHUJA PUB 550.00 SGTU 9136 22 611.03 E17K FA8088 18/03/2026 03/03/2026 04/01/2018 Books
    Dewey Decimal Classification     AYURVEDA SGT FA-FP Library SGT FA-FP Library Text Book 31/01/2018 AHUJA PUB 550.00 SGTU 9136 7 611.03 E17K FA8089 25/03/2026 14/03/2026 04/01/2018 Books
    Dewey Decimal Classification     AYURVEDA SGT FA-FP Library SGT FA-FP Library Text Book 31/01/2018 AHUJA PUB 550.00 SGTU 9136 12 611.03 E17K FA8090 13/04/2026 25/03/2026 04/01/2018 Books
    Dewey Decimal Classification     AYURVEDA SGT FA-FP Library SGT FA-FP Library Text Book 31/01/2018 AHUJA PUB 550.00 SGTU 9136 6 611.03 E17K FA8091 24/04/2026 26/03/2026 04/01/2018 Books
    Dewey Decimal Classification     AYURVEDA SGT FA-FP Library SGT FA-FP Library Text Book 31/01/2018 AHUJA PUB 550.00 SGTU 9136 3 611.03 E17K FA8092 11/04/2026 26/03/2026 04/01/2018 Books